[Event "Lloydminster BATB op 4th"]
[Site "Lloydminster"]
[Date "2010.09.05"]
[Round "4.11"]
[White "Janzen, Tyler"]
[Black "Zeggelaar, Mike"]
[Result "0-1"]
[WhiteElo "1694"]
[BlackElo "1972"]
[PlyCount "133"]
[EventDate "2010.09.04"]
[EventType "swiss"]
[EventRounds "6"]
[EventCountry "CAN"]
[SourceTitle "EXT 2022"]
[Source "ChessBase"]
[SourceDate "2021.10.06"]
[SourceVersion "1"]
[SourceVersionDate "2021.10.06"]
[SourceQuality "1"]

1. d4 Nf6 2. c4 c5 3. d5 e6 4. Nc3 exd5 5. cxd5 d6 6. e4 g6 7. Bd3 Bg7 8. h3 Nbd7 9. Nf3 a6 10. a4 0-0 11. 0-0 Re8 12. Bf4 Qe7 13. Qe2 Nh5 14. Bh2 Ne5 15. Nxe5 Bxe5 16. Bxe5 Qxe5 17. Qf3 Nf4 18. Bc2 Qf6 19. Kh1 Qg5 20. Qg3 Qxg3 21. fxg3 Nh5 22. Rf3 g5 23. Kh2 Bd7 24. a5 g4 25. hxg4 Bxg4 26. Rf2 Bd7 27. Na4 Bxa4 28. Rxa4 Rab8 29. Bd1 Ng7 30. Rf6 Red8 31. Be2 Ne8 32. Rf2 Rd7 33. Ra3 Re7 34. Rf4 b5 35. axb6 Rxb6 36. b3 Reb7 37. Bc4 Nc7 38. Rg4+ Kf8 39. Rh4 Nb5 40. Bxb5 axb5 41. Ra8+ Ke7 42. Rxh7 c4 43. bxc4 b4 44. Ra2 b3 45. Rb2 Rc7 46. g4 Rxc4 47. Rh3 Rxe4 48. Rbxb3 Rxb3 49. Rxb3 Rd4 50. Rb7+ Kf6 51. Rb5 Ke5 52. Kg3 Rd3+ 53. Kf2 Rxd5 54. Rxd5+ Kxd5 55. Ke3 Ke5 56. g3 f6 57. Kd3 d5 58. Ke3 d4+ 59. Kd3 Kd5 60. Kd2 Ke4 61. Ke2 d3+ 62. Kd2 Kd4 63. Kd1 Ke3 64. Ke1 d2+ 65. Kd1 Kd3 66. g5 fxg5 67. g4 0-1

[Event "Canadian op"]
[Site "Edmonton"]
[Date "2009.07.18"]
[Round "8"]
[White "Bentley, Bill"]
[Black "Janzen, Tyler"]
[Result "1-0"]
[WhiteElo "1854"]
[BlackElo "1656"]
[PlyCount "101"]
[EventDate "2009.07.11"]
[EventType "swiss"]
[EventRounds "9"]
[EventCountry "CAN"]
[SourceTitle "CBM 132 Extra"]
[Source "ChessBase"]
[SourceDate "2009.11.03"]
[SourceVersion "1"]
[SourceVersionDate "2009.11.03"]
[SourceQuality "1"]

1. d4 d6 2. Nf3 Nf6 3. c4 Bg4 4. Qb3 b6 5. h3 Bh5 6. Bf4 Nbd7 7. Nbd2 e6 8. e3 Bg6 9. Nh4 Nh5 10. Nxg6 hxg6 11. Bh2 f5 12. Bd3 c5 13. 0-0 Be7 14. Rad1 Kf7 15. Qc2 Nhf6 16. Nf3 Nh7 17. e4 Ng5 18. Nxg5+ Bxg5 19. exf5 gxf5 20. d5 e5 21. Bxf5 Nf8 22. f4 Bf6 23. fxe5 dxe5 24. Qe4 Qd6 25. Rde1 Re8 26. Rf3 Nd7 27. Bg6+ Ke7 28. Bxe8 Kxe8 29. Bg3 Kd8 30. Bh2 Kc7 31. Bg3 a6 32. a3 b5 33. b3 Kb6 34. Bf2 Kb7 35. Rc1 bxc4 36. bxc4 Nb6 37. Rb1 Kc7 38. Rfb3 Rb8 39. a4 Nd7 40. Be1 Rxb3 41. Rxb3 Kc8 42. Ba5 Be7 43. Qg4 Qh6 44. Rb6 Qc1+ 45. Kh2 Qf4+ 46. Qxf4 exf4 47. Rxa6 Kb7 48. Re6 Bf6 49. Re4 Kc8 50. Bd2 Nb6 51. a5 1-0

[Event "Canadian op"]
[Site "Edmonton"]
[Date "2009.07.14"]
[Round "4.54"]
[White "Kuczaj, Chris"]
[Black "Janzen, Tyler"]
[Result "0-1"]
[WhiteElo "1902"]
[BlackElo "1656"]
[PlyCount "60"]
[EventDate "2009.07.11"]
[EventType "swiss"]
[EventRounds "9"]
[EventCountry "CAN"]
[SourceTitle "EXT 2022"]
[Source "ChessBase"]
[SourceDate "2021.10.06"]
[SourceVersion "1"]
[SourceVersionDate "2021.10.06"]
[SourceQuality "1"]

1. c4 f5 2. Nf3 Nc6 3. d4 e6 4. Nc3 Nf6 5. g3 g6 6. Bg2 Bg7 7. 0-0 0-0 8. d5 exd5 9. cxd5 Nb4 10. Qb3 Na6 11. d6+ Kh8 12. Ng5 Qe8 13. dxc7 Nxc7 14. Bf4 Ne6 15. Nxe6 Qxe6 16. Qc2 Nh5 17. Be3 a6 18. Rad1 f4 19. Bd4 Bxd4 20. Rxd4 fxg3 21. hxg3 Nxg3 22. Rd3 Nxf1 23. Kxf1 Qf5 24. e4 Qc5 25. Rd5 Qc4+ 26. Kg1 b5 27. b3 Qc7 28. Qd3 Qb6 29. Qg3 Qf6 30. Rd6 Qf4 0-1

[Event "Canadian op"]
[Site "Edmonton"]
[Date "2009.07.11"]
[Round "1.48"]
[White "Janzen, Tyler"]
[Black "Grumic, Sasha"]
[Result "0-1"]
[WhiteElo "1656"]
[BlackElo "2174"]
[PlyCount "90"]
[EventDate "2009.07.11"]
[EventType "swiss"]
[EventRounds "9"]
[EventCountry "CAN"]
[SourceTitle "EXT 2022"]
[Source "ChessBase"]
[SourceDate "2021.10.06"]
[SourceVersion "1"]
[SourceVersionDate "2021.10.06"]
[SourceQuality "1"]

1. d4 Nf6 2. c4 e5 3. d5 g6 4. Nc3 d6 5. e4 Bg7 6. Be2 0-0 7. Nf3 Na6 8. 0-0 Nc5 9. Qc2 a5 10. Bg5 h6 11. Be3 b6 12. a3 Nh5 13. b4 Nb7 14. Rfc1 Nf4 15. Nb5 Nxe2+ 16. Qxe2 Bg4 17. h3 Bxf3 18. Qxf3 f5 19. Rab1 f4 20. Bd2 h5 21. Kh1 axb4 22. axb4 Ra2 23. Be1 Qc8 24. Na3 Nd8 25. Qb3 Re2 26. Qf3 Ra2 27. Qb3 Re2 28. Qf3 Rxe1+ 29. Rxe1 Nf7 30. h4 Nh6 31. Qh3 Ng4 32. Kg1 Bh6 33. f3 Qd7 34. Ra1 Qa4 35. fxg4 f3 36. gxf3 Qb3 37. Rf1 Be3+ 38. Kh1 Bd4 39. Rab1 Qxa3 40. gxh5 Qe3 41. Qe6+ Kh8 42. Qxg6 Rg8 43. Qf6+ Kh7 44. Rg1 Rxg1+ 45. Rxg1 Qxg1# 0-1

[Event "Lloydminster Battle at the Border"]
[Site "Lloydminster"]
[Date "2007.10.20"]
[Round "1"]
[White "Wallace, Francis"]
[Black "Janzen, Tyler"]
[Result "0-1"]
[WhiteElo "1135"]
[BlackElo "1489"]
[PlyCount "46"]
[EventDate "2007.10.20"]
[EventType "swiss"]
[EventRounds "4"]
[EventCountry "CAN"]
[SourceTitle "EXT 2022"]
[Source "ChessBase"]
[SourceDate "2021.10.06"]
[SourceVersion "1"]
[SourceVersionDate "2021.10.06"]
[SourceQuality "1"]

1. e4 e6 2. Nc3 c5 3. d3 Nc6 4. Nf3 Be7 5. Be3 d5 6. d4 Nf6 7. Bd3 Qb6 8. b3 Bd7 9. e5 Ng4 10. Qd2 cxd4 11. Na4 dxe3 12. fxe3 Qxe3+ 13. Be2 Qxd2+ 14. Kxd2 Ncxe5 15. Nc3 Nxf3+ 16. gxf3 Nh6 17. Rhg1 Bf6 18. Nxd5 exd5 19. Rab1 0-0 20. Kd3 Bb5+ 21. c4 dxc4+ 22. bxc4 Ba6 23. f4 Rad8+ 0-1